All Island Countries by Area - Statistics

General Stats
  • This quiz has been taken 73 times
  • The average score is 39 of 47
Answer Stats
# Island Country Area in km² Hint % Correct
2 Indonesia 1.904.569 I
100%
5 Japan 377.975 J
100%
3 Madagascar 587.041 M
98%
9 Cuba 110.860 C
96%
6 Philippines 300.000 P
96%
13 Dominican Republic 48.670 D
94%
21 Jamaica 10.991 J
94%
48 Nauru 21 N
92%
4 Papua New Guinea 462.840 P
92%
16 Haiti 27.750 H
90%
11 Ireland 70.273 I
90%
7 New Zealand 268.838 N
90%
33 Tonga 747 T
90%
10 Iceland 103.000 I
88%
37 Palau 459 P
88%
47 Tuvalu 26 T
88%
8 United Kingdom 243.610 U
88%
20 Vanuatu 12.189 V
88%
17 Fiji 18.274 F
86%
12 Sri Lanka 65.610 S
86%
14 Taiwan 35.980 T
86%
30 Kiribati 811 K
84%
45 Saint Kitts and Nevis 261 S
82%
24 Trinidad and Tobago 5.128 T
82%
39 Antigua and Barbuda 443 A
80%
40 Barbados 430 B
80%
41 Saint Vincent and the Grenadines 389 S
80%
25 Cape Verde 4.033 C
78%
22 Cyprus 9.251 C
78%
42 Grenada 344 G
78%
46 Marshall Islands 181 M
78%
28 Mauritius 2.040 M
78%
27 Comoros 2.235 C
76%
32 Dominica 751 D
76%
44 Maldives 298 M
76%
43 Malta 316 M
76%
19 Bahamas 13.880 B
74%
36 Saint Lucia 616 S
74%
18 East Timor 14.874 E
72%
35 F. S. Micronesia 702 F
72%
26 Samoa 2.831 S
72%
38 Seychelles 455 S
72%
15 Solomon Islands 28.896 S
72%
23 Brunei 5.765 B
70%
31 Bahrain 760 B
68%
29 São Tomé and Príncipe 964 S
64%
34 Singapore 719 S
56%
No matching quizzes found
Score Distribution
Percent of People with Each Score
Percentile by Number Answered
Your Score History
You have not taken this quiz